00606nam a2200181Ia 4500008004100000016001400041020001500055040001700070050001600087082001300103100003300116245007300149260011500222300002500337500003800362563001000400650001400410210303s9999 xx 000 0 und d 2retro2022 a9783853872 aNLNbEnglish aHM535b.O35 a301.0727 aOGUNBAMERU, Olakunle A.eaut 0aSociology :borigins, development and uses /cOlakunle A. Ogunbameru aIbadan, Oyo state ( 30, Ilaro street, old Bodija, University P. O. Box 20918 ) :bPenthouse publication,c2008 axiii, 237p.b; 22cm. aincludes bibliography: P. 228-223 a(pbk) aSociology